000 00560nam a2200181Ia 4500
003 GCL
008 140319s9999 xx 000 0 ara d
040 _aGCL /
_cGCL
082 0 4 _a270
_bع ع
100 1 _aعبدالله شلبى
245 1 0 _aالعودة الى المقدس /
_cعبدالله شلبى
250 _aالاولى
260 _aالقاهرة :
_bمصر العربية للنشر والتوزيع ،
_c2000
300 _a85 ص ؛
_c24 سم
650 0 4 _aالمسيحية والسياسة
650 0 4 _aالمسيحية
942 _2ddc
_cBK
999 _c1548
_d1548